Van kültür ve turizm envanteri II (Record no. 2107)

MARC details
000 -BAŞLIK
Sabit Uzunlukta Kontrol Alanı 00664na a2200241 4500
001 - KONTROL NUMARASI
Denetim Alanı 16574
003 - KONTROL NUMARASI IDENTIFIER
Denetim Alanı MIRAKIL
005 - SON İŞLEM TARİHİ VE ZAMANI
Denetim Alanı 20181213154845.0
008 - SABİT-BOY VERİ ELEMANLARI - GENEL BİLGİLER
Sabit Uzunlukta Kontrol Alanı 161011b tu 000 0
020 ## - ULUSLARARASI STANDART KİTAP NUMARASI
Uluslararası Standart Kitap Numarası 9786051496382
040 ## - KATALOGLAMA KAYNAK
Orijinal Kataloglama Ajansı Milas
Kataloglama Dili tur
Metne Dönüştürmek Ajansı TR-AnCHP
041 ## - DİL KODU
Metin / Ses Parça Veya Ayrı Başlığın Dil Kodu tur
082 ## - DEWEY ONLU SINIFLANDIRMA NUMARASI
Sınıflandırma Numarası 956.638
Ürün Numarası V25 2014
090 ## - SINIFLAMA NUMARASI
Sınıflama Numarası 956.638 V25 2014
245 ## - BAŞLIK TABLOSU
Başlık Van kültür ve turizm envanteri II
Başlığın Kalan doğal değerler
Sorumluluk Tablosu, Vb editör Sinan Kılıç
260 ## - YAYIN, DAĞITIM, VB
Yayın, Dağıtım, Vb Yeri Van
Yayıncı, Dağıtıcı, Vs Adı Van Valiliği
Yayın, Dağıtım, Vb Tarihi 2014
300 ## - FİZİKSEL TANIM
Kapsam 234 s.
Diğer Fiziksel Ayrıntıları fotg. ; hrt.
Boyutlar 29 sm.
504 ## - KAYNAKÇA VB NOT
Kaynakça Vb Notu Kaynakça var.
651 ## - KONU KATMA GİRİŞ - COĞRAFİ ADI
Coğrafi İsim Van
Genel Alt Bölümü Turizm
651 ## - KONU KATMA GİRİŞ - COĞRAFİ ADI
Coğrafi İsim Van
Genel Alt Bölümü Kültür envanteri
700 ## - KATMA GİRİŞ - KİŞİSEL İSİM
Kişisel Ad Kılıç, Sinan
942 ## - EKLENDİ GİRİŞ ELEMANLARI (KOHA)
Sınıflandırma Veya Raf Düzeni Kaynak Dewey Decimal Classification
Koha Öğesi Türü Books
999 ## - SİSTEM KONTROL NUMARALARI (KOHA)
Koha Biblionumber 2107
Koha Biblioitemnumber 2107
Holdings
Kalıcı Konum Mevcut Konum Edinme Tarihi Edinim Kaynak Toplam Check-Out'Lar Tam Çağrı Numarası Barkod Tarih Son Görülme İtibaren Geçerli Fiyatlar Koha Öğesi Türü
CHP Kütüphanesi CHP Kütüphanesi 10/08/2016 Bağış   956.638 V25 2014 006570 10/08/2016 10/08/2016 Books